Derecho subjetivo y responsabilidad pública

Kaydedildi:
Detaylı Bibliyografya
Yazar: Dromi, José Roberto (Yazar)
Materyal Türü: Kitap
Dil:İspanyolca
Baskı/Yayın Bilgisi: Madrid Grouz 1986
Konular:
Etiketler: Etiketle
Etiket eklenmemiş, İlk siz ekleyin!

MARC

LEADER 00000nam a2200000 a 4500
001 UCV1462
003 CL-VaPUC
008 900704e19860000SP |||||||||||||||||spa|d
082 0 4 |a 342.066  |b DRO  |2 21 
100 0 |a Dromi, José Roberto  |e author  |9 295735 
245 1 0 |a Derecho subjetivo y responsabilidad pública 
300 |a 254 p 
942 |c BK 
945 |d 19900704 00:00:00 
260 |a Madrid  |b Grouz  |c 1986 
650 0 |a Responsabilidad administrativa  |9 256129 
650 7 |a RESPONSABIBLIDAD DEL ESTADO  |2 CL-VaPUC  |9 256480 
583 |a last modification  |c 19900704 00:00:00  |k Rodrigo Vera 
999 |c 209416  |d 209414 
952 |0 0  |1 0  |4 0  |6 342_066000000000000_DRO_1986  |7 0  |8 A  |9 184805  |a BIBDER  |b BIBDER  |d 2019-11-14  |i 2521210  |o 342.066 DRO 1986  |p 2521210  |r 2023-01-25  |w 2019-11-14  |y BK  |k DER